Move along now everybody, please (Record no. 65379)

MARC details
000 -LEADER
fixed length control field 01642cam a2200253 4500
001 - CONTROL NUMBER
control field ABS63168
008 - FIXED-LENGTH DATA ELEMENTS--GENERAL INFORMATION
fixed length control field 000000n2000 000 0 eng u
035 ## - SYSTEM CONTROL NUMBER
System control number (Sirsi) u109508
100 ## - MAIN ENTRY--PERSONAL NAME
Personal name Williams, H
245 ## - TITLE STATEMENT
Title Move along now everybody, please
260 ## - PUBLICATION, DISTRIBUTION, ETC.
Date of publication, distribution, etc. 2000
490 ## - SERIES STATEMENT
Series statement Housing Today
Volume/sequential designation (210) 16 November 2000, 14-15(2)
520 ## - SUMMARY, ETC.
Summary, etc. Looks at how the Housing Green Paper is encouraging social landlords to adopt a choice-based approach to the letting of social housing. Highlights the importance of offering customers choice in terms of location and property type, while continuing to meet housing need in high demand areas. Government is inviting bids from local authorities to test how choice-based systems work in different areas. A key research area is whether the operation of choice-based systems can be reconciled with the wide range of tenant needs, for example, those with mental health problems or who are desperate to be relocated. Describes how the Circle 33 and Notting Hill housing trusts have already tackled some of these problems with tenant participation. Circle 33 provides a newsletter advertising available property, yet still offers urgent priority to vulnerable tenants. Notting Hill has developed its own website, selfmoves.com, which advertises property and allows tenants to find a match for their own criteria.
590 ## - LOCAL NOTE (RLIN)
Local note ABS
650 ## - SUBJECT ADDED ENTRY--TOPICAL TERM
Topical term or geographic name entry element HOUSING GREEN PAPER
650 ## - SUBJECT ADDED ENTRY--TOPICAL TERM
Topical term or geographic name entry element SOCIAL HOUSING
650 ## - SUBJECT ADDED ENTRY--TOPICAL TERM
Topical term or geographic name entry element SOCIAL LANDLORDS
650 ## - SUBJECT ADDED ENTRY--TOPICAL TERM
Topical term or geographic name entry element TENANT PARTICIPATION
650 ## - SUBJECT ADDED ENTRY--TOPICAL TERM
Topical term or geographic name entry element DEMAND
650 ## - SUBJECT ADDED ENTRY--TOPICAL TERM
Topical term or geographic name entry element NOTTING HILL
650 ## - SUBJECT ADDED ENTRY--TOPICAL TERM
Topical term or geographic name entry element WEBSITES
690 ## - LOCAL SUBJECT ADDED ENTRY--TOPICAL TERM (OCLC, RLIN)
Topical term or geographic name as entry element Affordable housing
9 (RLIN) 6215
942 ## - ADDED ENTRY ELEMENTS (KOHA)
Suppress in OPAC 0
Holdings
Withdrawn status Lost status Source of classification or shelving scheme Damaged status Not for loan Home library Current library Shelving location Date acquired Total Checkouts Full call number Barcode Date last seen Copy number Price effective from Koha item type
    Dewey Decimal Classification     London London Journal article 27/11/2000   ABS63168 109508-1001 06/08/2019 1 06/08/2019 Journal article